00766nam a2200181 a 450000100100000000500170001000800410002704000250006808200190009310000330011224500780014526000360022330000280025970000400028795201170032795201230044499900170056700004417820230131091613.0140605s2001 dr a 000 0 spa d aDO-SdBNPbspacBNPHU axxxxxxbxxxxxx1 aSuzaña, Víctor A.97218210aAbre la puerta!!! /cVíctor A. Suzaña ; prólogo Marivell Contreras. aSanto Domingo :bCumbre,c2001. a151 p. :bil. ;c23 cm.1 aContreras, Marivellepról.912302 0010718PDaPDbPDcHDd2014-06-05iLF1l0oxxxxxx xxxxxxp44178-10r2020-06-25w2020-06-25yLFPDZNo se presta 0010718PDaPDbPDcHDd2014-06-06iLF1l0oxxxxxx xxxxxxp44178-20r2020-06-25te. 2w2020-06-25yLFPDZNo se presta c43667d43667